| 000 | 00576nam a22001697a 4500 | ||
|---|---|---|---|
| 999 |
_c7964 _d7964 |
||
| 003 | GBCCL | ||
| 005 | 20241126110640.0 | ||
| 008 | 181121b ||||| |||| 00| 0 eng d | ||
| 040 | _cGBC | ||
| 082 |
_aARCH GBC-2006 _bKIL |
||
| 100 |
_aKilong, Lalboi _913896 |
||
| 245 |
_aThe Nature of Palestinian Covenant and its Future Implication for the Church in the Millennial Kingdom | _cLalboi Kilong |
||
| 260 |
_aNew Lamka: _bGrace Bible College, _c2006 |
||
| 300 |
_aviii + 53 p.; _c21 x 29 cm. |
||
| 650 |
_aPalestinian Covenant _vChurch _xMillennial Kingdom _913897 |
||
| 942 |
_2ddc _cTH |
||